| 000 | 00589nmm a2200145Ia 4500 | ||
|---|---|---|---|
| 008 | 251105s9999||||xx |||||||||||||||||und|| | ||
| 041 | _aspa | ||
| 100 | _aRaghib Deeb, Osama | ||
| 245 | 0 |
_a¡¡¡Cuando la muerte se convirtió en "collar de salvación" !!! : _b Crónicas visuales y noticias de la tragedia de expulsión de los "moriscos" del reino de Valencia y el rapto de sus niños (1609) |
|
| 264 |
_a[Madrid, España] : _bLetras de Autor, _c2016 |
||
| 300 | _a170 páginas | ||
| 650 | _aHistory of Europe | ||
| 856 | _uhttps://public.digitaliapublishing.com/a/87635 | ||
| 942 | _cCF | ||
| 999 |
_c105856 _d105856 |
||